000 00483nam a2200145 i 4500
001 44666
003 ES-MaACL
007 t|
008 030324s1903 it ||||1| ita d
100 1 _aCinaglia, R.
_938848
245 1 0 _aCompendio di ginecologia moderna ad uso del medico pratico interamente riveduto a ampliato dal C. Michele /
_cR. Cinaglia.
260 _aRoma :
_b[s.n.,
_c1903] (
_fTip. Nazionale di G. Bertero)
300 _aXVI, 568 p. ;
_c15 cm.
852 _aES-MaACL
_jG-13757
999 _c44666
_d44666